Spatial Aspects of University Graduates in Slovakia

Regionálny aspekt absolventov univerzít na Slovensku.

Salvato in:
Dettagli Bibliografici
Autore principale: Rafaj, Oliver, 1989-
Altri autori: Rehák, Štefan, 1974-
Natura: Capitolo di libro
Lingua:inglese
Soggetti:
Tags: Aggiungi Tag
Nessun Tag, puoi essere il primo ad aggiungerne!!

MARC

LEADER 00000nla a2200000 4500
001 0226709
005 20250709082751.5
041 0 |a eng 
044 |a CZ 
245 1 0 |a Spatial Aspects of University Graduates in Slovakia  |c Oliver Rafaj, Štefan Rehák 
520 |a Regionálny aspekt absolventov univerzít na Slovensku. 
610 2 0 |a rozvoj regionálny 
610 2 0 |a kapitál ľudský 
610 2 0 |a univerzity 
610 2 0 |a absolventi 
610 2 0 |a mestá 
100 1 |a Rafaj, Oliver, 1989- 
700 1 |a Rehák, Štefan, 1974-